Verejná pochvala darcom krvi

Bibliographic Details
Main Author: Fecko, Pavel (Author)
Corporate Author: Siderit (Nižná Slaná, Slovensko) (Author)
Format: Article
Language:Slovak
Subjects:

MARC

LEADER 00000nab a2200000 a 4500
001 vtls001003222
003 SK-MaSNL
005 20260303200249.0
008 190925e19971021xo 0 slo
035 |a RV3822 
040 |a RVGKPD  |b slo  |c RVGKPD  |e AACR2 
041 0 |a slo 
044 |a xo  |c SK 
080 |a 622.341  |2 1981 
080 |a 615.38  |2 1981 
100 1 |a Fecko, Pavel  |4 aut  |9 1024698 
245 1 0 |a Verejná pochvala darcom krvi 
610 2 7 |a Siderit (Nižná Slaná, Slovensko)  |2 RVGKPD 
610 2 7 |a Želba (Nižná Slaná, Slovensko)  |2 RVGKPD  |9 1023926 
650 0 7 |a darcovstvo krvi  |2 RVGKPD  |9 16625 
651 7 |a Nižná Slaná (Slovensko)  |2 RVGKPD  |9 29467 
655 7 |a periodikum  |2 snkbucl  |9 29553 
710 2 |a Siderit (Nižná Slaná, Slovensko)  |4 aut 
773 0 8 |t Zora Gemera  |g Roč. 5, č.42, 21.10.1997, s. 3 
852 |a ZVYKNI  |b KIS3GCP 
999 |c 2167413  |d 2169343